L'or (Record no. 167891)

MARC details
000 -LEADER
campo de control de longitud fija 00793nam a22002175i 4500
001 - NÚMERO DE CONTROL
campo de control 167891
003 - IDENTIFICADOR DE NÚMERO DE CONTROL
campo de control ES-MaACL
005 - FECHA Y HORA DE LA ÚLTIMA TRANSACCIÓN
campo de control 20230906213623.0
008 - DATOS DE LONGITUD FIJA--INFORMACIÓN GENERAL
campo de control de longitud fija 021018s1896 fr |||| | fre d
040 ## - FUENTE DE CATALOGACIÓN
Centro catalogador/agencia de origen CCPB | B
Lengua de catalogación spa
Centro/agencia transcriptor CCPB | B
100 1# - ENTRADA PRINCIPAL--NOMBRE DE PERSONA
Nombre de persona Weill, Léopold.
9 (RLIN) 133895
245 12 - MENCIÓN DEL TÍTULO
Título L'or
Resto del título : propriétés physiques ... dosage /
Mención de responsabilidad, etc. Léopold Weill ; introduction de U. Le Verrier.
260 ## - PUBLICACIÓN, DISTRIBUCIÓN, ETC.
Lugar de publicación, distribución, etc. Paris :
Nombre del editor, distribuidor, etc. Librairie J.-B. Baillière et fils,
Fecha de publicación, distribución, etc. 1896 (
Lugar de fabricación/manufactura Chartres :
Fabricante Imp. Durand)
300 ## - DESCRIPCIÓN FÍSICA
Extensión 420 p. ;
Dimensiones 19 cm.
490 1# - MENCIÓN DE SERIE
Mención de serie Encyclopédie de chimie industrielle & métallurgie
650 #4 - PUNTO DE ACCESO ADICIONAL DE MATERIA--TÉRMINO DE MATERIA
Término de materia o nombre geográfico como elemento de entrada Oro.
9 (RLIN) 136638
700 11 - ENTRADA AGREGADA--NOMBRE PERSONAL
Nombre de persona Le Verrier, U.
9 (RLIN) 128797
830 0# - PUNTO DE ACCESO ADICIONAL DE SERIE-TÍTULO UNIFORME
Título uniforme Encyclopédie de chimie industrielle & métallurgie
9 (RLIN) 222663
852 ## - LOCALIZACIÓN
Ubicación ES-MaACL
Número de control de estantería D-1583
Nota libre -- Enc. tela
Holdings
Estatus retirado Estado de pérdida Estado de daño No para préstamo Colección Biblioteca de origen Biblioteca actual Ubicación en estantería Fecha de adquisición Fuente de adquisición Total de préstamos Signatura topográfica completa Código de barras Visto por última vez Precio de reemplazo Tipo de ítem Koha
        Libros del s. XIX Biblioteca del Ateneo de Madrid Biblioteca del Ateneo de Madrid Sala Valle Inclán 17/01/2008     D-1583 901176138 23/02/2023 23/02/2023 Libro impreso antiguo